| 000 | 01030nam a22002177a 4500 | ||
|---|---|---|---|
| 001 | 121606 | ||
| 008 | 230717s2022 xxk|||||o|||| 00| 0 eng d | ||
| 041 | _aeng | ||
| 110 | _aRoyal Institution of Chartered Surveyors | ||
| 245 |
_aInvestigating and managing concerns _h[Electronic resource] |
||
| 260 |
_aLondon, _bRoyal Institution of Chartered Surveyors, _c2022 |
||
| 300 | _a8p. | ||
| 490 | _aRICS Regulation | ||
| 500 | _aVersion 4 with effect from 2 February 2022. | ||
| 520 | _aDetails about the threshold for commencing an investigation as well as details of steps that we might take instead of an investigation. Appendix A (see item 121605) offers specific advice on Concerns about valuations. | ||
| 650 | _aPROFESSIONAL STANDARDS | ||
| 651 | _aUnited Kingdom | ||
| 710 | _aRoyal Institution of Chartered Surveyors | ||
| 856 |
_uhttps://www.rics.org/content/dam/ricsglobal/documents/standards/2022_February_Investigating_And_Managing_Concerns_Version_4_With_Effect.pdf _zAvailable free on RICS.org |
||
| 942 | _n0 | ||
| 999 |
_c121606 _d121606 |
||